TV/Movie Characters and Lent Quiz Stats

 Plays Quiz not verified by Sporcle

Support Sporcle.
Go Orange.
Score 0/40 Timer 13:00
0 Plays Today
% Correct
Brody
76.8%
Santa
76.5%
Batman
75.8%
James Bond
75.1%
Jack Sparrow
75.1%
Indiana Jones
74.5%
Archie Bunker
74%
Tom Brady
73.5%
Count Von Count
72.4%
Spock
72.3%
Ben Gates
71.2%
Buffy Summers.
71.1%
House
70.9%
Harry Potter
69.2%
Michael Knight
68.3%
Robert Langdon
68%
Daniel
67.2%
Fox Mulder
66.4%
Dom
64.7%
John McClain
64.4%
% Correct
Bo Duke
60.2%
Curly
60.2%
Tallahassee
58.4%
Stewie
56.1%
Sheldon Cooper
55.9%
Ghostface
55.8%
Percy Jackson
54.9%
MacGyver
54.5%
John Wick
52.5%
Chloe Moretz
52.1%
Myers
51.7%
Hannibal Smith
47.8%
Jeff Probst
43.9%
Picard
42%
Babyface Killer
33.7%
Shawn Spencer
29.6%
Mona
22%
Bogg
20.6%
Jarod
18.9%
Ethan Hunt
14.6%

You're not logged in!

Compare scores with friends on all Sporcle quizzes.
OR
Log In

From the Vault

Find the Cartoon Birds

by kfastic

You may need a bird's eye view to get 100% on this quiz.
Remove Ads.
Support Sporcle.
Get the best of Sporcle when you Go Orange. This ad-free experience offers more features, more stats, and more fun while also helping to support Sporcle. Thank you for becoming a member.

Show Comments

Extras

Top Quizzes Today


Score Distribution

Your Account Isn't Verified!

In order to create a playlist on Sporcle, you need to verify the email address you used during registration. Go to your Sporcle Settings to finish the process.

Report this User

Report this user for behavior that violates our Community Guidelines.

Details: